000 00714nam a2200241Ia 4500
003 OSt
005 20220925215738.0
006 a|||||r|||| 00| 0
007 ta
008 220923b |||||||| |||| 00| 0 eng d
037 _cGeneral Book
040 _aRTL
_cRTL
_beng
041 _2eng
_aeng
082 _aX:9:(Z,8).3.N7, M0
100 _aAngel John
_9283431
245 0 _aHow to prepare yourself for an industrial tribunal
260 _aLondon
_bIPM UK
_c1980
300 _ax, 299p. Bib p 235-44 ; Appendix p 246-89
_ccm.
490 _aInstitute of Personnel Management
650 _aLabor Laws
942 _hX:9:(Z,8).3.N7, M0
_cGB
_2CC
999 _c569560
_d569560